|
|
|
|
| LEADER |
00548nam a22001217a 4500 |
| 003 |
AR-BeUNQ |
| 005 |
20240416100930.0 |
| 999 |
|
|
|c 32650
|d 116450
|
| 245 |
|
|
|a Las clases medias en norteamérica (white-collar) /
|c C. Wright Mills; traducción del inglés por José Bugeda Sanchiz; notas a la edición española por Fernando Murillo Rubiera.
|
| 260 |
|
|
|a Madrid :
|b Aguilar,
|c 1957.
|
| 490 |
1 |
|
|a Biblioteca de Ciencias Sociales;
|a Sección segunda: sociología;
|
| 929 |
|
|
|a DONACION
|b I. I . Gino Germani
|d 540,00
|e 20190907
|f PAT0074298
|g 3530
|h 1
|o PR
|l Estante W
|
| 942 |
|
|
|c LIB
|n 0
|